[Event "VIII Lorca Open-A 2019"]
[Site "Lorca"]
[Date "2019.12.30"]
[Round "9.13"]
[White "Guerra Rivera, Salvador"]
[Black "Real De Azua, Ernesto"]
[Result "0-1"]
[WhiteElo "2314"]
[BlackElo "2450"]
[Annotator "ChessBase"]
[PlyCount "76"]
[EventDate "2019.12.26"]
[EventType "swiss"]
[EventCountry "ESP"]
[SourceTitle "playchess.com"]
[Source "ChessBase"]
[SourceQuality "1"]
[TimeControl "5400+30"]

1. Nf3 {[%emt 0:00:00]} Nf6 {[%emt 0:01:18]} 2. g3 {[%emt 0:00:00]} b6 {[%emt 0:00:58]} 3. Bg2 {[%emt 0:00:05]} Bb7 {[%emt 0:00:05]} 4. b3 {[%emt 0:00:24]} g6 {[%emt 0:00:27]} 5. O-O {[%emt 0:00:16]} Bg7 {[%emt 0:00:21]} 6. Bb2 {[%emt 0:00:07]} O-O {[%emt 0:00:05]} 7. c4 {[%emt 0:00:08]} e6 {[%emt 0:02:28]} 8. Nc3 {[%emt 0:07:54]} d5 {[%emt 0:00:41]} 9. d4 {[%emt 0:00:55]} Ne4 {[%emt 0:17:41]} 10. Qc2 {[%emt 0:03:22]} Nxc3 {[%emt 0:05:13]} 11. Bxc3 {[%emt 0:00:17]} Nd7 {[%emt 0:00:14]} 12. cxd5 {[%emt 0:07:05]} exd5 {[%emt 0:00:32]} 13. Rac1 {[%emt 0:00:23]} Re8 {[%emt 0:02:50]} 14. e3 {[%emt 1:16:04]} a5 {[%emt 0:01:52]} 15. Rfd1 {[%emt 0:00:00]} c6 {[%emt 0:01:03]} 16. Ne1 {[%emt 0:00:00]} Qe7 {[%emt 0:09:40]} 17. Nd3 {[%emt 0:00:00]} h5 {[%emt 0:09:48]} 18. a4 {[%emt 0:00:00]} h4 {[%emt 0:02:08]} 19. Be1 {[%emt 0:00:00]} hxg3 {[%emt 0:12:20]} 20. hxg3 {[%emt 0:00:00]} Nf6 {[%emt 0:00:14]} 21. b4 {[%emt 0:00:00]} axb4 {[%emt 0:03:38]} 22. Nxb4 {[%emt 0:00:00]} Rec8 {[%emt 0:01:16]} 23. Qb3 {[%emt 0:00:00]} Ng4 {[%emt 0:11:46]} 24. Nd3 {[%emt 0:00:00]} Ba6 {[%emt 0:01:17]} 25. Qxb6 {[%emt 0:00:00]} Bc4 {[%emt 0:00:39]} 26. a5 {[%emt 0:00:00]} Bh6 {[%emt 0:02:15]} 27. Rxc4 {[%emt 0:00:00]} dxc4 {[%emt 0:00:22]} 28. Qc5 {[%emt 0:00:00]} Qe6 {[%emt 0:02:34]} 29. Nf4 {[%emt 0:00:00]} Bxf4 {[%emt 0:00:11]} 30. gxf4 {[%emt 0:00:00]} Rab8 {[%emt 0:01:57]} 31. a6 {[%emt 0:08:30]} Rb5 {[%emt 0:02:45]} 32. Qa3 {[%emt 0:00:00]} Rb3 {[%emt 0:03:13]} 33. Qa4 Rxe3 34. Qa1 {[%emt 0:00:00]} Rd3 35. Rc1 {[%emt 0:02:00]} Ra8 {[%emt 0:05:06]} 36. Bf1 {[%emt 0:00:00]} Nf6 {[%emt 0:00:30]} 37. Qa4 {[%emt 0:00:00]} Rxd4 {[%emt 0:00:27]} 38. Bg2 {[%emt 0:00:00]} Nd5 {[%emt 0:00:27]} 0-1

[Event "VIII Lorca Open-A 2019"]
[Site "Lorca"]
[Date "2019.12.30"]
[Round "9.14"]
[White "Plazuelo Pascual, Juan"]
[Black "Savitha Shri B"]
[Result "1-0"]
[WhiteElo "2433"]
[BlackElo "1968"]
[Annotator "NA"]
[PlyCount "65"]
[EventDate "2019.12.26"]
[EventType "swiss"]
[EventCountry "ESP"]
[SourceTitle "playchess.com"]
[Source "ChessBase"]
[SourceQuality "1"]
[TimeControl "5400+30"]

1. d4 {[%emt 1:30:30]} Nf6 {[%emt 1:30:30]} 2. c4 {[%emt 0:00:30]} e6 {[%emt 0:00:30]} 3. Nf3 {[%emt 0:00:30]} d5 {[%emt 0:00:30]} 4. e3 {[%emt 0:00:30]} c6 {[%emt 0:00:30]} 5. b3 {[%emt 0:00:30]} Bd6 {[%emt 0:00:30]} 6. Bd3 {[%emt 0:00:30]} O-O {[%emt 0:00:30]} 7. O-O {[%emt 0:00:30]} Nbd7 {[%emt 0:00:30]} 8. Bb2 {[%emt 0:00:30]} b6 {[%emt 0:00:30]} 9. Nbd2 {[%emt 0:00:30]} Bb7 {[%emt 0:00:30]} 10. Ne5 {[%emt 0:00:30]} c5 {[%emt 0:00:30]} 11. cxd5 {[%emt 0:00:30]} Nxd5 {[%emt 0:00:30]} 12. Nxd7 {[%emt 0:00:30]} Qxd7 {[%emt 0:00:30]} 13. Nc4 {[%emt 0:00:30]} f5 {[%emt 0:00:30]} 14. Nxd6 {[%emt 0:00:30]} Qxd6 {[%emt 0:00:30]} 15. dxc5 {[%emt 0:00:30]} Qxc5 {[%emt 0:00:30]} 16. Qf3 {[%emt 0:00:30]} Qe7 {[%emt 0:00:30]} 17. Qg3 {[%emt 0:00:30]} Rac8 {[%emt 0:00:30]} 18. Rad1 {[%emt 0:00:30]} Nf6 {[%emt 0:00:30]} 19. Bc4 {[%emt 0:00:30]} Rfd8 {[%emt 0:00:30]} 20. Rxd8+ {[%emt 0:00:30]} Rxd8 {[%emt 0:00:30]} 21. Bxf6 {[%emt 0:00:30]} Qxf6 {[%emt 0:00:30]} 22. Qc7 {[%emt 0:00:30]} Be4 {[%emt 0:00:30]} 23. f3 {[%emt 0:00:30]} Bd5 {[%emt 0:00:30]} 24. Rd1 {[%emt 0:00:30]} Qg5 {[%emt 0:00:30]} 25. e4 {[%emt 0:00:30]} fxe4 {[%emt 0:00:30]} 26. fxe4 {[%emt 0:00:30]} Re8 {[%emt 0:00:30]} 27. exd5 {[%emt 0:00:30]} exd5 {[%emt 0:00:30]} 28. Bxd5+ {[%emt 0:00:30]} Kh8 29. Qg3 {[%emt 0:00:30]} Qf5 {[%emt 0:01:00]} 30. Qf2 {[%emt 0:00:30]} Qe5 {[%emt 0:00:30]} 31. Bf3 {[%emt 0:00:30]} h6 {[%emt 0:00:30]} 32. h3 {[%emt 0:00:30]} a5 {[%emt 0:00:30]} 33. Qxb6 {[%emt 0:00:30]} 1-0

[Event "VIII Lorca Open-A 2019"]
[Site "Lorca"]
[Date "2019.12.30"]
[Round "9.15"]
[White "Shahil Dey"]
[Black "Manu David Suthandram R"]
[Result "0-1"]
[WhiteElo "2135"]
[BlackElo "2369"]
[Annotator "TA"]
[PlyCount "42"]
[EventDate "2019.12.26"]
[EventType "swiss"]
[EventCountry "ESP"]
[SourceTitle "playchess.com"]
[Source "ChessBase"]
[SourceQuality "1"]

{[%evp 12,46,26,-11,0,-11,0,-7,0,-14,-20,-28,-28,-13,-10,-19,-13,-37,-16,-222,-239,-231,-228,-792,-777,-1264,-1262,-1252,-1258,-1096,-1065,-29996,-29997,-29997,-29997,-29997,-29996]} 1. e4 c5 2. Nc3 Nc6 3. g3 e6 4. Bg2 Nf6 5. Nge2 d5 6. exd5 exd5 7. d3 Be7 {B24: Closed Sicilian: 3 g3 sidelines} (7... d4 8. Ne4 Nxe4 9. dxe4 Be7 10. O-O O-O 11. Nf4 Bg5 12. c3 Bxf4 13. Bxf4 Be6 14. Qh5 b6 15. e5 Bd5 16. Bg5 Qd7 17. Bf6 Kh8 18. Bh3 Be6 19. Bxg7+ Kxg7 20. Qg5+ Kh8 21. Qf6+ Kg8 22. Qg5+ {½-½ (22) Short,N (2697)-Topalov,V (2700) Sarajevo 1999}) 8. h3 O-O 9. Nf4 {[%cal Rc3d5]} d4 {The position is equal.} 10. Ncd5 Nxd5 $146 ({Predecessor:} 10... Bd6 11. O-O Re8 12. a3 Bd7 13. Bd2 Rb8 14. Kh2 {0-1 (51) Cruz,P (2095)-Ribeiro,L (2066) Lisbon 2006}) 11. Nxd5 Bg5 12. f4 Re8+ 13. Kf2 Be6 $36 {[%mdl 2048] Black has good play.} 14. Qf3 Bh6 15. g4 $2 (15. Re1 $11) 15... Bxd5 $1 $19 16. Qxd5 Qh4+ ({Stronger than} 16... Qe7 17. g5 $11) 17. Kf3 $2 {[#]} (17. Kg1 Nb4 18. Qf3) 17... g5 $1 {[%mdl 512]} 18. Rf1 (18. fxg5 Re5) 18... gxf4 19. Bxf4 Bxf4 20. Kxf4 Ne7 {( -> ...Ng6+)} 21. Qxc5 Ng6+ 0-1